ბათუმის შოთა რუსთაველის სახელმწიფო უნივერსიტეტის ბიბლიოთეკა

ფინანსური აღრიცხვა : (ბიბ.ჩანაწერი № 61255)

000 -ლიდერი
ფიქსირებული სიგრძის საკონტროლო ველი 01682nam a22002537a 4500
003 - საკონტროლო ნომრის იდენტიფიკატორი
საკონტროლო ველი Ge_BSU
005 - ბოლო ოპერაციის თარიღი და დრო
საკონტროლო ველი 20240112154505.0
008 - ფიქსირებული სიგრძის მონაცემთა ელემენტები - ზოგადი ინფორმაცია
ფიქსირებული სიგრძის საკონტროლო ველი 240112s2022 ge ||||| |||| 00| 0 geo d
020 ## - წიგნის საერთაშორისო სტანდარტული ნომერი
International Standard Book Number 9739941828249
041 ## - ენის კოდი
Language code of text/sound track or separate title geo
080 ## - უნივერსალური ათობითი კლასიფიკაციის ინდექსი
Universal Decimal Classification number 657.15(075.8) ფ-59
245 ## - ცნობა სათაურის შესახებ
Title ფინანსური აღრიცხვა :
Remainder of title სახელმძღვანელო განკუთვნილია უმაღლესი და პროფესიული სასწავლებლების სტუდენტებისა და ამ საკითხებით დაინტერესებულ პირთათვის /
Statement of responsibility, etc ავტორები: ლ. საბაური, ნ. კვატაშიძე, ზ. გოგრიჭიანი [და სხვა] ; სამეცნიერო რედაქტორი ლევან საბაური.
264 ## - წარმოების, გამოცემის, დისტრიბუციის და სხვა ცნობები
გამოცემის, წარმოების, დისტრიბუციის... ადგილი თბილისი :
გამოცემის, წარმოების, დისტრიბუციის... სახელწოდება კოლორი,
გამოცემის, წარმოების, დისტრიბუციის... თარიღი 2022.
300 ## - ფიზიკური აღწერა
Extent 512 გვ. :
Other physical details სქ. ;
Dimensions 29 სმ.
504 ## - BIBLIOGRAPHY, ETC. NOTE
Bibliography, etc ბიბლიოგრაფია: გვ. 492-497.
653 ## - INDEX TERM--UNCONTROLLED
Uncontrolled term ფინანსური აღრიცხვა
700 ## - ADDED ENTRY--PERSONAL NAME
Personal name საბაური, ლ.
Relator term ავტორი, რედაქტორი
9 (RLIN) 21039
700 ## - ADDED ENTRY--PERSONAL NAME
Personal name კვატაშიძე, ნ.
Relator term ავტორი
9 (RLIN) 14156
700 ## - ADDED ENTRY--PERSONAL NAME
Personal name გოგრიჭიანი, ზ.
Relator term ავტორი
9 (RLIN) 21040
700 ## - ADDED ENTRY--PERSONAL NAME
Personal name ხორავა, ა.
Relator term ავტორი
9 (RLIN) 14157
700 ## - ADDED ENTRY--PERSONAL NAME
Personal name სრესელი, ნ.
Relator term ავტორი
9 (RLIN) 20462
700 ## - ADDED ENTRY--PERSONAL NAME
Personal name ვარდიაშვილი, მ.
Relator term ავტორი
9 (RLIN) 13255
942 ## - ADDED ENTRY ELEMENTS (KOHA)
Source of classification or shelving scheme
Koha item type წიგნი
ეგზემპლარები
ჩამოწერის სტატუსი დაკარგული ეგზემპლარის სტატუსი კლასიფიკაციის წყარო ან თაროზე გაწყობის სქემა დაზიანების სტატუსი არ გაიცემა მუდმივი მდებარეობა (დაცვის ადგილი) ამჟამინდელი ადგილსამყოფელი თაროზე განთავსების ადგილი შეძენის თარიღი ღირებულება, შესყიდვის ნორმალური ფასი სრული შენახვის შიფრი შტრიხკოდი ბოლო ოპერაციის თარიღი ეგზემპლარის მიმდევრობითი ნომერი (კეტერი?) ფასის ძალაში შესვლის თარიღი ეგზემპლარის სახეობა საჯარო შენიშვნა
          ბათუმის შოთა რუსთაველის სახელმწიფო უნივერსიტეტის მთავარი ბიბლიოთეკა ბათუმის შოთა რუსთაველის სახელმწიფო უნივერსიტეტის მთავარი ბიბლიოთეკა წიგნსაცავი 2024-01-12 42.00 657.15(075.8) ფ-59 67092 2024-01-12 67092 2024-01-12 წიგნი 42 ლ.
          ბათუმის შოთა რუსთაველის სახელმწიფო უნივერსიტეტის მთავარი ბიბლიოთეკა ბათუმის შოთა რუსთაველის სახელმწიფო უნივერსიტეტის მთავარი ბიბლიოთეკა წიგნსაცავი 2024-01-12 42.00 657.15(075.8) ფ-59 67093 2024-01-12 67093 2024-01-12 წიგნი 42 ლ.
          ბათუმის შოთა რუსთაველის სახელმწიფო უნივერსიტეტის მთავარი ბიბლიოთეკა ბათუმის შოთა რუსთაველის სახელმწიფო უნივერსიტეტის მთავარი ბიბლიოთეკა წიგნსაცავი 2024-01-12 42.00 657.15(075.8) ფ-59 67094 2024-01-12 67094 2024-01-12 წიგნი 42 ლ.
          ბათუმის შოთა რუსთაველის სახელმწიფო უნივერსიტეტის მთავარი ბიბლიოთეკა ბათუმის შოთა რუსთაველის სახელმწიფო უნივერსიტეტის მთავარი ბიბლიოთეკა წიგნსაცავი 2024-01-12 42.00 657.15(075.8) ფ-59 67095 2024-01-12 67095 2024-01-12 წიგნი 42 ლ.
          ბათუმის შოთა რუსთაველის სახელმწიფო უნივერსიტეტის მთავარი ბიბლიოთეკა ბათუმის შოთა რუსთაველის სახელმწიფო უნივერსიტეტის მთავარი ბიბლიოთეკა წიგნსაცავი 2024-01-12 42.00 657.15(075.8) ფ-59 67096 2024-01-12 67096 2024-01-12 წიგნი 42 ლ.
          ბათუმის შოთა რუსთაველის სახელმწიფო უნივერსიტეტის მთავარი ბიბლიოთეკა ბათუმის შოთა რუსთაველის სახელმწიფო უნივერსიტეტის მთავარი ბიბლიოთეკა წიგნსაცავი 2024-01-12 42.00 657.15(075.8) ფ-59 67097 2024-01-12 67097 2024-01-12 წიგნი 42 ლ.
          ბათუმის შოთა რუსთაველის სახელმწიფო უნივერსიტეტის მთავარი ბიბლიოთეკა ბათუმის შოთა რუსთაველის სახელმწიფო უნივერსიტეტის მთავარი ბიბლიოთეკა წიგნსაცავი 2024-01-12 42.00 657.15(075.8) ფ-59 67098 2024-01-12 67098 2024-01-12 წიგნი 42 ლ.
          ბათუმის შოთა რუსთაველის სახელმწიფო უნივერსიტეტის მთავარი ბიბლიოთეკა ბათუმის შოთა რუსთაველის სახელმწიფო უნივერსიტეტის მთავარი ბიბლიოთეკა წიგნსაცავი 2024-01-12 42.00 657.15(075.8) ფ-59 67099 2024-01-12 67099 2024-01-12 წიგნი 42 ლ.
          ბათუმის შოთა რუსთაველის სახელმწიფო უნივერსიტეტის მთავარი ბიბლიოთეკა ბათუმის შოთა რუსთაველის სახელმწიფო უნივერსიტეტის მთავარი ბიბლიოთეკა წიგნსაცავი 2024-01-12 42.00 657.15(075.8) ფ-59 67100 2024-01-12 67100 2024-01-12 წიგნი 42 ლ.
          ბათუმის შოთა რუსთაველის სახელმწიფო უნივერსიტეტის მთავარი ბიბლიოთეკა ბათუმის შოთა რუსთაველის სახელმწიფო უნივერსიტეტის მთავარი ბიბლიოთეკა წიგნსაცავი 2024-01-12 42.00 657.15(075.8) ფ-59 67101 2024-01-12 67101 2024-01-12 წიგნი 42 ლ.